000 00767nam a2200217 a 4500
001 000010327
005 20240412074217.0
008 091006s1993 dr a 000 p spa d
040 _aDO-SdBNP
_bspa
_cBNPHU
082 _aRD861.44
_bH557por
100 _aHernández Rueda, Lupo,
_d1930-2017
_923790
245 1 0 _aPor el mar de tus ojos (1993) /
_cLupo Hernández Rueda ; ilustraciones Geo Ripley.
260 _aSanto Domingo :
_bCorripio,
_c1993.
300 _a102 p. :
_bil ;
_c23 cm.
500 _aIncluye datos biográficos del autor en la contracubierta
590 _aInventariado, 2018/LP
650 0 _aPoesía dominicana
_966
650 0 _aLiteratura dominicana.
_967
700 1 2 _aRipley, Geo,
_d1930-
_eil.
_925341
910 _aValidado. Control de calidad MFF
999 _c10086
_d10086